Essentials of Management Science Applications to Decision Making

Gespeichert in:
Bibliographische Detailangaben
1. Verfasser: Anderson, David R.
Weitere Verfasser: Sweeney, Dennis J., Williams, Thomas A.
Format: Buch
Sprache:Englisch
Veröffentlicht: St. Paul West Pub. Co. 1978
Ausgabe:1. ed.
Tags: Tag hinzufügen
Keine Tags, Fügen Sie das erste Tag hinzu!

MARC

LEADER 00000nam a2200000 4500
001 c032604
005 20221220101717.4
041 0 |a eng 
044 |a US 
245 1 0 |a Essentials of Management Science  |b Applications to Decision Making  |c David R. Anderson, Dennis J. Sweeney, Thomas A. Williams 
250 |a 1. ed. 
264 1 |a St. Paul  |b West Pub. Co.  |c 1978 
300 |a 602 s. 
100 1 |a Anderson, David R. 
700 1 |a Sweeney, Dennis J. 
700 1 |a Williams, Thomas A.